000 00383pab a2200121 454500
008 180718b xxu||||| |||| 00| 0 eng d
100 _aErsoy, Melih
245 _aRelation between central and local government in Turkey: an historical perspective
650 _a Local Government
650 _aLocal Government - Turkey
773 _aPublic Administration and development
909 _a23106
999 _c23106
_d23106